00745cam a2200205 a 450000100100000000500170001000800410002704000300006808200190009810000420011724500600015926000550021930000210027465000300029565000320032591000330035704900090039095201230039999900170052200001925020200929165948.0960307s1974 ve 000 e spa d aDO-SdBNPbspacDLCdBNPHU aVe864.44bU81t1 aUrriola, José Santos,d1927-94142310aTrazos en arena :bcrónicas /cJosé Santos Urriola. aCaracas, (Venezuela) :bEdiciones Centauro,c1974. a251 p. ;c16 cm. 4aEnsayos venezolanos94376 4aLiteratura venezolana93816 aCatalogación derivada / LC aBNGR 001054708MOaGRbGRcCTd2010-05-28iLF1l0oVe864.44 U81tp19250-10r2020-06-25w2020-06-25y4ZPréstamo en sala c18768d18768